Catalog

Record Details

Catalog Search



Digital Enterprise Design and Management 2013 Proceedings of the First International Conference on Digital Enterprise Design and Management DED&M 2013  Cover Image E-book E-book

Digital Enterprise Design and Management 2013 [electronic resource] : Proceedings of the First International Conference on Digital Enterprise Design and Management DED&M 2013 / edited by Pierre-Jean Benghozi, Daniel Krob, Frantz Rowe.

Benghozi, Pierre-Jean. (editor.). Krob, Daniel. (editor.). Rowe, Frantz. (editor.). SpringerLink (Online service) (Added Author).

Record details

  • ISBN: 9783642373176
  • Physical Description: XVIII, 183 p. 57 illus. online resource.
  • Publisher: Berlin, Heidelberg : Springer Berlin Heidelberg : 2013.
Subject: Engineering.
Engineering economy.
Engineering.
Computational Intelligence.
Engineering Economics, Organization, Logistics, Marketing.

Electronic resources


LDR 01734nam a22004095i 4500
00133070
003CONS
00520130727075901.0
007cr nn 008mamaa
008130331s2013 gw | s |||| 0|eng d
020 . ‡a9783642373176 ‡9978-3-642-37317-6
0247 . ‡a10.1007/978-3-642-37317-6 ‡2doi
035 . ‡a(DE-He213)978-3-642-37317-6
050 4. ‡aQ342
072 7. ‡aUYQ ‡2bicssc
072 7. ‡aCOM004000 ‡2bisacsh
1001 . ‡aBenghozi, Pierre-Jean. ‡eeditor.
24510. ‡aDigital Enterprise Design and Management 2013 ‡h[electronic resource] : ‡bProceedings of the First International Conference on Digital Enterprise Design and Management DED&M 2013 / ‡cedited by Pierre-Jean Benghozi, Daniel Krob, Frantz Rowe.
264 1. ‡aBerlin, Heidelberg : ‡bSpringer Berlin Heidelberg : ‡bImprint: Springer, ‡c2013.
300 . ‡aXVIII, 183 p. 57 illus. ‡bonline resource.
336 . ‡atext ‡btxt ‡2rdacontent
337 . ‡acomputer ‡bc ‡2rdamedia
338 . ‡aonline resource ‡bcr ‡2rdacarrier
347 . ‡atext file ‡bPDF ‡2rda
4901 . ‡aAdvances in Intelligent Systems and Computing, ‡x2194-5357 ; ‡v205
650 0. ‡aEngineering.
650 0. ‡aEngineering economy.
65014. ‡aEngineering.
65024. ‡aComputational Intelligence.
65024. ‡aEngineering Economics, Organization, Logistics, Marketing.
7001 . ‡aKrob, Daniel. ‡eeditor.
7001 . ‡aRowe, Frantz. ‡eeditor.
7102 . ‡aSpringerLink (Online service)
7730 . ‡tSpringer eBooks
77608. ‡iPrinted edition: ‡z9783642373169
830 0. ‡aAdvances in Intelligent Systems and Computing, ‡x2194-5357 ; ‡v205
85640. ‡uhttp://biblioteca.ipicyt.edu.mx:2048/login?url=http://dx.doi.org/10.1007/978-3-642-37317-6 ‡yTexto completo ‡9CONS
950 . ‡aEngineering (Springer-11647)
901 . ‡a33070 ‡b ‡c33070 ‡tbiblio ‡sSystem Local

Additional Resources